Statystyki dla 20 największych miast Portugalii

Kliknij tutaj aby rozwiązać quiz!

Ogólne statystyki

  • Ten quiz został rozwiązany 49 razy
  • Średni wynik to 4 z 20

Statystyki odpowiedzi

L.p.PopulacjaRegionMiasto% Poprawnych
1545,245LisboaLizbona
100%
4237,559NorthPorto
100%
7181,819NorthBraga
73%
13158,108NorthGuimarães
42%
16143,052CentroCoimbra
36%
8175,558LisboaAmadora
16%
3302,092NorthVila Nova de Gaia
11%
10173,298LisboaAlmada
9%
6205,117LisboaCascais
9%
15143,755LisboaOdivelas
9%
17139,393NorthSanta Maria da Feira / Santa
9%
2377,249LisboaSintra
9%
5205,577LisboaLoures
4%
11172,063LisboaOeiras
4%
14157,981LisboaSeixal
4%
20133,804NorthVila Nova de Famalicão
4%
12168,205NorthGondomar
2%
19135,049NorthMaia
2%
9174,931NorthMatosinhos
2%
18136,510LisboaVila Franca de Xira
2%

Rozkład punktacji

Percentyl według liczby udzielonych odpowiedzi

Procent ludzi z każdym wynikiem

Twoja historia wyników

Nie rozwiązałeś tego quizu